000 00386nam a2200157Ia 4500
008 230917s9999||||xx |||||||||||||| ||und||
040 _e137500
_aMAIN
041 _aEnglish
082 _a005.73 S314T
100 _aSalaria, R.S.
245 0 _aTextbook on data structures and alogrithms using C
250 _a3rd ed.
260 _aDelhi
_bKhanna
300 _a513p p.
942 _cBK
999 _c146095
_d146095